Score 0/45 Timer 10:00
0 Plays Today
State Lieutenant Governor % Correct
CaliforniaEleni Kounalakis
57.1%
MinnesotaPeggy Flanagan
50%
VirginiaJustin Fairfax
45.2%
WisconsinMandela Barnes
42.9%
AlaskaKevin Meyer
40.5%
IllinoisJulianna Stratton
38.1%
MississippiDelbert Hosemann
38.1%
OhioMary Taylor
38.1%
PennsylvaniaJohn Fetterman
38.1%
MassachusettsKaryn Polito
31%
WashingtonCyrus Habib
31%
MontanaMike Cooney
26.2%
North CarolinaDan Forest
26.2%
ConnecticutSusan Bysiewicz
23.8%
IdahoJanice McGeachin
23.8%
OklahomaMatt Pinnell
23.8%
ArkansasTim Griffin
21.4%
GeorgiaGeoff Duncan
21.4%
IowaAdam Gregg
21.4%
MichiganGarlin Gilchrist
21.4%
MissouriMike Kehoe
21.4%
TexasDan Patrick
21.4%
IndianaSuzanne Crouch
21.4%
State Lieutenant Governor % Correct
DelawareBethany Hall-Long
19%
New JerseySheila Oliver
19%
NevadaKate Marshall
16.7%
New YorkKathy Hochul
16.7%
UtahSpencer Cox
16.7%
HawaiiJosh Green
14.3%
AlabamaWill Ainsworth
14.3%
ColoradoDianne Primavera
11.9%
FloridaJeanette Núñez
11.9%
KansasLynn Rogers
11.9%
MarylandBoyd Rutherford
11.9%
South DakotaLarry Rhoden
11.9%
VermontDavid Zuckerman
11.9%
KentuckyJenean Hampton
9.5%
LouisianaBilly Nungesser
9.5%
New MexicoHowie Morales
9.5%
West VirginiaMitch Carmichael
9.5%
North DakotaBrent Sanford
7.1%
Rhode IslandDaniel McKee
7.1%
TennesseeRandy McNally
7.1%
NebraskaMike Foley
4.8%
South CarolinaPamela Evette
4.8%
Remove Ads.
Support Sporcle.
Get the best of Sporcle when you Go Orange. This ad-free experience offers more features, more stats, and more fun while also helping to support Sporcle. Thank you for becoming a member.

You're not logged in!

Compare scores with friends on all Sporcle quizzes.
OR
Log In

Sporcle TV

Today on Sporcle TV


Watch our educational content, quiz creation guides, and fun videos on Sporcle TV.

Show Comments

Extras

Top Quizzes Today


Score Distribution

Paid Content

Your Account Isn't Verified!

In order to create a playlist on Sporcle, you need to verify the email address you used during registration. Go to your Sporcle Settings to finish the process.

Report this User

Report this user for behavior that violates our Community Guidelines.

Details: